Lo que queda de la Izquierda : (Registro nro. 11269)

Detalles MARC
000 -LIDER
fixed length control field 01091nam a2200325 4500
001 - NÚMERO DE CONTROL
Identificador de número de control 0000321
003 - IDENTIFICACDOR DE NÚMERO DE CONTROL
control field DO-SdBNP
005 - DATE AND TIME OF LATEST TRANSACTION
control field 20171109090452.0
007 - CAMPOS FIJOS DE DESCRIPCIÓN FÍSICA
fixed length control field 0000321
008 - ELEMENTOS DE LONGITUD FIJA
fixed length control field 160901b 2010 mx a ||||| |||| 00| 0 spa d
020 ## - ISBN
International Standard Book Number 9786071107510
040 ## - FUENTE DE CATALOGACIÓN
Agencia que crea de manera original el registro BPMSU
Idioma de catalogación spa
Agencia que realiza la transcripción BPMSU
082 #4 - NÚMERO DE CLASIFICACIÓN DECIMAL DE DEWEY
Classification number 320.5
Item number C357q
100 1# - ASIENTO PRINCIPAL -- NOMBRE PERSONAL
Nombre personal Castañada, Jorge G.
245 13 - MENCIÓN DE TITULO
Título Lo que queda de la Izquierda :
Subtítulo relatos de las izquierdas Latinoamericanas /
Mención de responsabilidad Jorge G. Castañeda, Marco A. Morales.
260 ## - PUBLICACIÓN, DISTRIBUCIÓN, ETC. (PIE DE IMPRENTA)
Lugar de publicación, distribución, etc México, D.F.:
Nombre del editor, distribuidor, etc. Taurus,
Fecha de publicación, distribución, etc 1962.
300 ## - DESCRIPCIÓN FÍSICA
Extensión 333 p. :
Otros detalles físicos il., gráficos ;
Dimensiones 24 cm.
490 1# - MENCIÓN DE SERIES
Mención de serie Pensamiento
500 ## - NOTA GENERAL
Nota general Incluye datos biográfícos de los autores.
500 ## - NOTA GENERAL
Nota general Incluye índice onomástico.
504 ## - NOTA DE BIBLIOGRAFÍA, ETC.
Bibliography, etc Bibliografía : p. 317-330
650 #4 - ENCABEZAMIENTO DE MATERIA--TEMÁTICO
Término temático o nombre geográfico como elemento de entrada IZQUIERDAS (POLÍTICAS)
Subdivisión geográfica AMÉRICA LATINA
650 #4 - ENCABEZAMIENTO DE MATERIA--TEMÁTICO
Término temático o nombre geográfico como elemento de entrada PARTIDOS POLÍTICOS
Subdivisión geográfica AMÉRICA LATINA
651 #4 - ENCABEZAMIENTO DE MATERIA--NOMBRE GEOGRÁFICO
Nombre geográfico AMÉRICA LATINA
Subdivisión temática general CONDICIONES POLÍTICAS
651 #4 - ENCABEZAMIENTO DE MATERIA--NOMBRE GEOGRÁFICO
Nombre geográfico AMÉRICA LATINA
Subdivisión temática general POLÍTICA Y GOBIERNO
700 1# - ASIENTO SECUNDARIO -- NOMBRE PERSONAL
Nombre personal Morales, Marcos A..
830 #0 - ASIENTO SECUNDARIO DE SERIE--TÍTULO UNIFORME
Título uniforme Pensamiento
942 ## - ADDED ENTRY ELEMENTS (KOHA)
Source of classification or shelving scheme Dewey Decimal Classification
Koha item type Libros
945 ## - INFORMACIÓN DE PROCESAMIENTO LOCAL
Información de procesamiento local Inventariado, 2017/MFF
Existencias
Withdrawn status Lost status Source of classification or shelving scheme Damaged status Not for loan Collection code Home library Current library Date acquired Source of acquisition Total Checkouts Full call number Barcode Date last seen Price effective from Koha item type Copy number
    Dewey Decimal Classification     Colección General Biblioteca Pública Metropolitana Salomé Ureña Biblioteca Pública Metropolitana Salomé Ureña 09/01/2016 ALFAGUARA   320.5 C357q BPMSU16090014 09/01/2016 09/01/2016 Libros  
    Dewey Decimal Classification     Colección General Biblioteca Pública Metropolitana Salomé Ureña Biblioteca Pública Metropolitana Salomé Ureña 09/01/2016 ALFAGUARA   320.5 C357q BPMSU16090015 09/01/2016 09/01/2016 Libros e. 2